<?xml version="1.0" encoding="UTF-8"?>
<collection xmlns="http://www.loc.gov/MARC21/slim">
 <record>
  <leader>07294nam a2200421 a 4500</leader>
  <controlfield tag="001">1/48445</controlfield>
  <controlfield tag="008">190227s2015    gr       bi   001 0 gre  </controlfield>
  <datafield tag="020" ind1=" " ind2=" ">
   <subfield code="a">9789606030666 (ηλεκτρονικό βιβλίο)</subfield>
  </datafield>
  <datafield tag="035" ind1=" " ind2=" ">
   <subfield code="l">51442</subfield>
  </datafield>
  <datafield tag="040" ind1=" " ind2=" ">
   <subfield code="a">GR-PeUP</subfield>
  </datafield>
  <datafield tag="082" ind1="0" ind2="0">
   <subfield code="a">004.6</subfield>
  </datafield>
  <datafield tag="100" ind1="1" ind2=" ">
   <subfield code="a">Μητρόπουλος, Σαράντης.</subfield>
  </datafield>
  <datafield tag="245" ind1="1" ind2="0">
   <subfield code="a">Πληροφοριακά συστήματα στο διαδίκτυο</subfield>
   <subfield code="h">[ηλεκτρονικός πόρος] :</subfield>
   <subfield code="b">εφαρμογές, ανάπτυξη, υποδομές /</subfield>
   <subfield code="c">συγγραφή Σαράντης Μητρόπουλος, Χρήστος Δουληγέρης ; κριτικός αναγνώστης Ιωάννης Θεοδωρίδης ; γλωσσική επιμέλεια Φωτεινή Ξιφαρά ; τεχνική επιμέλεια Μιχαήλ Ρόδιος.</subfield>
  </datafield>
  <datafield tag="260" ind1=" " ind2=" ">
   <subfield code="a">Αθήνα :</subfield>
   <subfield code="b">Σύνδεσμος Ελληνικών Ακαδημαϊκών Βιβλιοθηκών,</subfield>
   <subfield code="c">c2015.</subfield>
  </datafield>
  <datafield tag="300" ind1=" " ind2=" ">
   <subfield code="a">1 αρχείο ηλεκτρονικού υπολογιστή (297 σ.).</subfield>
  </datafield>
  <datafield tag="490" ind1="1" ind2=" ">
   <subfield code="a">Ακαδημαϊκά Ηλεκτρονικά Συγγράμματα και Βοηθήματα Κάλλιπος ;</subfield>
  </datafield>
  <datafield tag="500" ind1=" " ind2=" ">
   <subfield code="a">Άδεια Creative Commons: Αναφορά - Μη Εμπορική Χρήση - Όχι Παράγωγα Έργα.</subfield>
  </datafield>
  <datafield tag="533" ind1=" " ind2=" ">
   <subfield code="a">Ηλεκτρονικό βιβλίο</subfield>
   <subfield code="b">Τρόπος πρόσβασης μέσω διαδικτύου.</subfield>
  </datafield>
  <datafield tag="504" ind1=" " ind2=" ">
   <subfield code="a">Περιέχει βιβλιογραφικές παραπομπές.</subfield>
  </datafield>
  <datafield tag="504" ind1=" " ind2=" ">
   <subfield code="a">Ευρετήριο : σ. 271-292.</subfield>
  </datafield>
  <datafield tag="516" ind1="8" ind2=" ">
   <subfield code="a">Αρχείο πλήρους κειμένου (pdf).</subfield>
  </datafield>
  <datafield tag="505" ind1="0" ind2=" ">
   <subfield code="a">1. Τα πληροφοριακά συστήματα και οι νέες προκλήσεις -- 2. Υπηρεσίες στο διαδίκτυο -- 3. Ηλεκτρονικό επιχειρείν και ηλεκτρονικό εμπόριο -- 4. Νέες τεχνολογίες και εφαρμογές -- 5. Αρχιτεκτονική και υποδομή στον Παγκόσμιο ιστό -- 6. Βασικές τεχνολογίες διαλειτουργικότητας και ανάπτυξης στην πλευρά του πελάτη -- 7. Διαδικτυακός προγραμματισμός με java servlets -- 8. Διαδικτυακός προγραμματισμός με jsp και πλαίσια εφαρμογών ιστού -- 9. Υπηρεσίες ιστού -- 10. Η Υπηρεσιοστρεφής αρχιτεκτονική και ο επιχειρησιακός δίαυλος υπηρεσιών -- 11. Ασφάλεια εφαρμογών ιστού -- 12. Ανάπτυξη υπηρεσιών νέφους και εφαρμογών ευφυών κινητών συσκευών -- 13. Ανάπτυξη πληροφοριακών συστημάτων στο διαδίκτυο.</subfield>
  </datafield>
  <datafield tag="520" ind1=" " ind2=" ">
   <subfield code="a">Το βιβλίο διαπραγματεύεται μια σειρά από σημαντικά μοντέρνα θέματα των Πληροφοριακών Συστημάτων στο Διαδίκτυο, και από επιχειρησιακή άποψη αλλά και από τεχνολογική. Από επιχειρησιακή άποψη εξετάζει τον ρόλο τους στις ενδοεπιχειρησιακές και δι-επιχειρησιακές λειτουργίες, τις κύριες εφαρμογές και τα λειτουργικά μοντέλα που πρέπει να ικανοποιούν. Κατόπιν εξετάζονται οι τεχνολογίες που τα επηρεάζουν καθώς και η αρχιτεκτονική τους. Εν συνεχεία κάνουμε μία επισκόπηση των βασικών τεχνολογιών που χρησιμοποιούνται στη μεριά του πελάτη, όπως HTML5, JSon, CSS και JQuery. Για την ανάπτυξη των Πληροφοριακών Συστημάτων βασιζόμαστε στη γλώσσα προγραμματισμού Java, εστιάζοντας στην τεχνολογία JSP/Servlets. Πηγαίνοντας ένα βήμα παραπέρα, παρουσιάζουμε μοντέρνες τεχνικές διαδικτυακού προγραμματισμού, τα web application frameworks, όπως π.χ. Struts, Spring, καθώς και τη χρήση του Hibernate API για τη σύνδεση με τη βάση δεδομένων. Κατόπιν ασχολούμαστε με την ασφάλεια των διαδικτυακών πληροφοριακών συστημάτων, διαστασιολογώντας τις κύριες παραμέτρους ασφαλείας που πρέπει να λαμβάνει ο προγραμματιστής υπόψη. Μετά, παρουσιάζουμε τα web services και την σύνθεση μέσω κατάλληλων μοντέλων. H σύνθεση των Web Services είναι προστάδιο των υπηρεσιοστραφών αρχιτεκτονικών, οι οποίες αρχιτεκτονικές οδηγούν τη διαλειτουργικότητα των συστημάτων των επιχειρήσεων. Παρουσιάζεται εξέχον παράδειγμα υπηρεσιοστραφούς αρχιτεκτονικής, το Enterprise Service Bus (ESB). Εξετάζουμε την διείσδυση στα διαδικτυακά πληροφοριακά συστήματα των νέων τεχνολογιών ανάπτυξης εφαρμογών στο πλαίσιο έξυπνων συσκευών κινητής τηλεφωνίας και υπηρεσιών υπολογιστικού νέφους (cloud computing). Εν κατακλείδι, συζητάμε τη μεθοδολογία ανάπτυξης Πληροφοριακών Συστημάτων στο Διαδίκτυο.</subfield>
  </datafield>
  <datafield tag="650" ind1=" " ind2="4">
   <subfield code="a">Information technology.</subfield>
  </datafield>
  <datafield tag="650" ind1=" " ind2="4">
   <subfield code="a">World Wide Web.</subfield>
  </datafield>
  <datafield tag="650" ind1=" " ind2="4">
   <subfield code="a">Ηλεκτρονικό εμπόριο.</subfield>
  </datafield>
  <datafield tag="650" ind1=" " ind2="4">
   <subfield code="a">Πληροφοριακά συστήματα.</subfield>
  </datafield>
  <datafield tag="650" ind1=" " ind2="4">
   <subfield code="a">Διαδίκτυο (Internet).</subfield>
  </datafield>
  <datafield tag="650" ind1=" " ind2="4">
   <subfield code="a">Παγκόσμιος Ιστός (WWW)</subfield>
  </datafield>
  <datafield tag="655" ind1=" " ind2="4">
   <subfield code="a">Electronic books.</subfield>
  </datafield>
  <datafield tag="700" ind1="1" ind2=" ">
   <subfield code="a">Δουληγέρης, Χρήστος.</subfield>
  </datafield>
  <datafield tag="700" ind1="1" ind2=" ">
   <subfield code="a">Θεοδωρίδης, Ιωάννης.</subfield>
  </datafield>
  <datafield tag="700" ind1="1" ind2=" ">
   <subfield code="a">Ξιφαρά, Φωτεινή.</subfield>
  </datafield>
  <datafield tag="700" ind1="1" ind2=" ">
   <subfield code="a">Ρόδιος, Μιχαήλ.</subfield>
  </datafield>
  <datafield tag="830" ind1=" " ind2=" ">
   <subfield code="a">Ακαδημαϊκά Ηλεκτρονικά Συγγράμματα και Βοηθήματα Κάλλιπος.</subfield>
  </datafield>
  <datafield tag="852" ind1=" " ind2=" ">
   <subfield code="a">INST</subfield>
   <subfield code="b">UNIPILB</subfield>
   <subfield code="c">EBOOKS</subfield>
   <subfield code="e">20190227</subfield>
   <subfield code="p">00b51442</subfield>
   <subfield code="q">00b51442</subfield>
   <subfield code="t">ONLINE</subfield>
   <subfield code="y">0</subfield>
  </datafield>
  <datafield tag="856" ind1="4" ind2="0">
   <subfield code="a">Kallipos</subfield>
   <subfield code="u">https://repository.kallipos.gr/handle/11419/3969</subfield>
  </datafield>
  <datafield tag="856" ind1="4" ind2="0">
   <subfield code="u">Amelib</subfield>
   <subfield code="u">https://amelib.seab.gr/archive/item/16530</subfield>
  </datafield>
 </record>
</collection>
